000 00993nam a2200289 i 4500
003 DO-SdBNP
005 20250312110456.0
007 ta
008 250312s2011 dr 000 0 spa d
040 _aDO-SdBNP
_bspa
_cBNPHU
_erda
082 _axxx
_bR426
_222
110 1 _aColegio Dominicano de Notarios
_9447
245 1 0 _aJornada de capacitación :
_bderecho notarial y registral /
_cexpositores, Wilson Gómez Ramírez, Pedro Rodríguez Montero
260 _b
264 1 _aSanto Domingo :
_bColegio Dominicano de Notarios,
_c2011.
300 _a42 páginas
_a21 cm.
336 _atexto
_btxt
_2rdacontent
337 _asin mediación
_bn
_2rdamedia
338 _avolumen
_bnc
_2rdacarrier
500 _aUnión Internacional del Notario Latino.
500 _aLey 89-05
590 _aInventariado, 2025/ YL
700 1 _aGómez Ramírez, Wilson
_eexpositores
_956344
_4exp.
700 1 _aRodríguez Montero, Pedro
_eexpositores
_4exp.
_987184
910 _aYLockward
942 _2ddc
_cLF2
999 _c58409
_d58409